Complementary and private pensions throughout the world 2008

Gespeichert in:
Bibliographische Detailangaben
Körperschaften: OECD Publishing, International Social Security Association, International Organisation of Pension Supervisors
Format: Buch
Sprache:Englisch
Veröffentlicht: Paris OECD 2008
Schlagworte:
Tags: Tag hinzufügen
Keine Tags, Fügen Sie das erste Tag hinzu!

MARC

LEADER 00000nam$a2200000$$$4500
001 0083439
005 20240315120452.1
020 |a 978-92-64-04347-3 
041 0 |a eng 
044 |a FR 
245 1 0 |a Complementary and private pensions throughout the world 2008 
264 1 |a Paris  |b OECD  |c 2008 
300 |a 539 s. 
610 2 0 |a penzie 
610 2 0 |a politika dôchodková 
610 2 0 |a dôchodky 
610 2 0 |a fondy penzijné 
610 2 0 |a porovnanie medzinárodné 
710 2 |a OECD Publishing 
710 2 |a International Social Security Association 
710 2 |a International Organisation of Pension Supervisors